Detalles MARC
| 000 -LEADER |
| fixed length control field |
02879nam a2200433Ii 4500 |
| 001 - CONTROL NUMBER |
| control field |
DIGCIDOB019 |
| 003 - CONTROL NUMBER IDENTIFIER |
| control field |
NyNyDIG |
| 006 - FIXED-LENGTH DATA ELEMENTS--ADDITIONAL MATERIAL CHARACTERISTICS |
| fixed length control field |
m o d |
| 007 - PHYSICAL DESCRIPTION FIXED FIELD--GENERAL INFORMATION |
| fixed length control field |
cr ||||||||||| |
| 008 - FIXED-LENGTH DATA ELEMENTS--GENERAL INFORMATION |
| fixed length control field |
131201s2007 sp ob 000 0 spa d |
| 020 ## - INTERNATIONAL STANDARD BOOK NUMBER |
| Canceled/invalid ISBN |
9788487072901 |
| 020 ## - INTERNATIONAL STANDARD BOOK NUMBER |
| Canceled/invalid ISBN |
8487072909 |
| 035 ## - SYSTEM CONTROL NUMBER |
| System control number |
(OCoLC)888261945 |
| 040 ## - CATALOGING SOURCE |
| Original cataloging agency |
DGITA |
| Language of cataloging |
eng |
| Description conventions |
pn |
| Transcribing agency |
DGITA |
| 043 ## - GEOGRAPHIC AREA CODE |
| Geographic area code |
e-sp--- |
| -- |
e------ |
| 050 14 - LIBRARY OF CONGRESS CALL NUMBER |
| Classification number |
DP86.E8 eBook |
| 245 00 - TITLE STATEMENT |
| Title |
España en Europa-Europa en España, 1986-2006 |
| Medium |
[electronic resource] / |
| Statement of responsibility, etc. |
Francesc Morata y Gemma Mateo (eds.) |
| 264 #1 - PRODUCTION, PUBLICATION, DISTRIBUTION, MANUFACTURE, AND COPYRIGHT NOTICE |
| Place of production, publication, distribution, manufacture |
Barcelona : |
| Name of producer, publisher, distributor, manufacturer |
Fundació CIDOB : |
| -- |
Distribuido por Edicions Bellaterra, S.L, |
| Date of production, publication, distribution, manufacture, or copyright notice |
c2007. |
| 300 ## - PHYSICAL DESCRIPTION |
| Extent |
1 online resource (431 pages) : |
| Other physical details |
ill |
| 336 ## - CONTENT TYPE |
| Content type term |
text |
| Content type code |
txt |
| Source |
rdacontent |
| 337 ## - MEDIA TYPE |
| Media type term |
computer |
| Media type code |
c |
| Source |
rdamedia |
| 338 ## - CARRIER TYPE |
| Carrier type term |
online resource |
| Carrier type code |
cr |
| Source |
rdacarrier |
| 490 1# - SERIES STATEMENT |
| Series statement |
Interrogar la actualidad. Serie Europa. |
| 504 ## - BIBLIOGRAPHY, ETC. NOTE |
| Bibliography, etc. note |
Includes bibliographical references. |
| 505 0# - FORMATTED CONTENTS NOTE |
| Formatted contents note |
Presentación -- Lista de acrónimos -- Introducción: el proceso de europeización y España / Francesc Morata -- 1. La larga marcha hacia Europa: España y la Comunidad Europea (1957-1986) / Charles T / Powell -- 2. España en las Conferencias Intergubernamentales de la Unión Europea / Gemma Mateo González -- 3. Las presidencias españolas del Consejo de la Unión Europea / Ana Mar Fernández Pasarín -- 4. Europeización y transformación institucional del sistema político español / Javier Arregui -- 5. La europeización del Estado autonómico / Francesc Morata -- 6. Elecciones europeas y partidos en España / Cesáreo Rodríguez-Aguilera -- 7. La opinión pública española y la integración europea (1986-2006) / Juan Díez Medrano -- 8. España y la Política Agrícola Común (PAC) / Ricard Ramon i Sumoy -- 9. España y la política de las telecomunicaciones / Jacint Jordana y David Sancho -- 10. España y la política de justicia e interior / Leticia Delgado -- 11 / España en la Unión Económica y Monetaria (UEM) / Jordi Bacaria Colom -- 12. España y la Agenda de Lisboa / Javier Yaniz Igal y Antonio de Lecea -- 13. España en la Política Exterior y de Seguridad Común (PESC) / Esther Barbé -- 14. España y la política euromediterránea /Josep M. a Jordán Galduf -- Conclusiones / Gemma Mateo González. |
| 651 #0 - SUBJECT ADDED ENTRY--GEOGRAPHIC NAME |
| Geographic name |
Spain |
| General subdivision |
Foreign relations |
| Geographic subdivision |
Europe. |
| 651 #0 - SUBJECT ADDED ENTRY--GEOGRAPHIC NAME |
| Geographic name |
Europe |
| General subdivision |
Foreign relations |
| Geographic subdivision |
Spain. |
| 651 #0 - SUBJECT ADDED ENTRY--GEOGRAPHIC NAME |
| Geographic name |
Spain |
| General subdivision |
Economic policy. |
| 651 #0 - SUBJECT ADDED ENTRY--GEOGRAPHIC NAME |
| Geographic name |
Spain |
| General subdivision |
Politics and government |
| Chronological subdivision |
1982- |
| 655 #0 - INDEX TERM--GENRE/FORM |
| Genre/form data or focus term |
Electronic books. |
| 700 1# - ADDED ENTRY--PERSONAL NAME |
| Personal name |
Morata, Francesc. |
| 700 1# - ADDED ENTRY--PERSONAL NAME |
| Personal name |
Mateo, Gemma. |
| 791 2# - |
| -- |
Digitalia (Firm), |
| -- |
distributor. |
| 793 0# - |
| -- |
Digitalia eBook Collection: |
| -- |
Fundació CIDOB |
| 830 #0 - SERIES ADDED ENTRY--UNIFORM TITLE |
| Uniform title |
Interrogar la actualidad. |
| Name of part/section of a work |
Serie Europa. |
| 856 40 - ELECTRONIC LOCATION AND ACCESS |
| Materials specified |
Digitalia Hispánica |
| Uniform Resource Identifier |
<a href="https://www.digitaliapublishing.com/a/19580/">https://www.digitaliapublishing.com/a/19580/</a> |
| 910 ## - USER-OPTION DATA (OCLC) |
| User-option data |
Premium Collection: 2007-2012 |
| 942 ## - ADDED ENTRY ELEMENTS (KOHA) |
| Koha item type |
Recurso Electrónico |